header

Radio frequency identification system security (Record no. 117191)

MARC details
000 -LEADER
fixed length control field 01425nam a2200325 a 4500
245 10 - TITLE STATEMENT
Title Radio frequency identification system security
260 ## - PUBLICATION, DISTRIBUTION, ETC. (IMPRINT)
Place of publication Washington, D.C. :
Name of publisher IOS Press,
Year of publication 2011.
300 ## - PHYSICAL DESCRIPTION
Number of Pages xii, 157 p. :
Other physical details ill.
490 1# - SERIES STATEMENT
Series statement Cryptology and information security series,
650 #0 - SUBJECT ADDED ENTRY--TOPICAL TERM
Topical Term Radio frequency identification systems
700 1# - ADDED ENTRY--PERSONAL NAME
Personal name Li, Tieyan.
856 40 - ELECTRONIC LOCATION AND ACCESS
Uniform Resource Identifier http://site.ebrary.com/lib/rucke/Doc?id=10506367

No items available.

© 2026 Rongo University
Contact us: librarian | system librarian | Rongo university